000 00394nam a2200145Ia 4500
008 220217s9999||||xx |||||||||||||| ||und||
020 _a9788177584837
082 _a004.22 HEU
100 _aHeuring, Vincent P and others
_91237
245 0 _aComputer Design Architecture
250 _a2
260 _aPearson
_bNoida
_c2011
300 _axvii;726
_b450
650 _aCOMPUTER ARCHITECTURE
999 _c181905
_d181905